000 00472nam a2200181Ia 4500
005 20250508161807.0
008 008 250505s9999 xx 000 0 hin d
037 _aTextual
040 _aFEDL
_beng
_cFEDL
041 _ahin
_2eng
084 _a372.215, SAN
_qFEDL
100 _aShanta Sant
_9771568
245 0 _aShishu gaan
260 _aNew Delhi, India
_bBal Sadan
300 _a23p.
942 _cTEXL
_h372.215, SAN
999 _c1372243
_d1372243